000 00832nac a22002051u 4500
010 _a 2001036281
020 _a0745614906
020 _a0745614914 (pbk.)
082 0 0 _a305.3
_bR13
090 _c2105
_d2105
100 _aRai, Shirin.
245 1 0 _aGender and the political economy of development :
_bfrom nationalism to globalization /
_cShirin M. Rai.
260 _aMalden, Mass. :
_bPolity Press,2002
_c2002.
300 _aviii, 264 p. ;
_c24 cm.
504 _aIncludes bibliographical references (p. [217]-252) and index.
650 0 _aWomen in development.
650 0 _aEconomic development
_xSocial aspects.
942 _cBB
_k305.3R13
999 _c2105
_d2105